000
00322nam a2200133Ia 4500
008
150201s1990 xx 000 0 und d
082
_a
621.3813
_b
LIO
100
_a
Liao,Samuel Y
245
_a
Microwave devices and circuits
250
_a
3rd Ed.
260
_b
Pearson
_a
N.Delhi
_c
1990
300
_a
542p.
942
_2
ddc
_c
BK
999
_c
5033
_d
5033